|
|
|
|
| LEADER |
00802cam a2200217 7i4500 |
| 001 |
0000047523 |
| 005 |
20200117090000.0 |
| 020 |
|
|
|a 9780691119380 (pbk.)
|
| 020 |
|
|
|a 0691119384 (pbk.)
|
| 090 |
0 |
0 |
|a BP173.7
|b .A36 2004
|
| 100 |
1 |
|
|a Abou El Fadl, Khaled
|
| 245 |
1 |
0 |
|a Islam and the challenge of democracy :
|b a Boston review book
|c Khaled Abou El Fadl ; edited by Joshua Cohen and Deborah Chasman.
|
| 260 |
|
|
|a New Jersey:
|b Princeton University Press,
|c 2004.
|
| 300 |
|
|
|a 139 p.
|
| 500 |
|
|
|a Gift: Zainol Ahmad Resource Center
|
| 650 |
0 |
0 |
|a Islam and politics --
|z Islamic countries
|
| 650 |
0 |
0 |
|a Islam and politics
|
| 650 |
0 |
0 |
|a Democracy --
|x Religious aspects --
|x Islam
|
| 700 |
1 |
|
|a Cohen, Joshua
|
| 700 |
1 |
|
|a Chasman, Deborah
|
| 999 |
|
|
|a 0000068726
|b BOK
|c OPEN SHELF
|e 1st Floor, Bestari Jaya
|